000 00535nam a2200181Ia 4500
005 20250508165159.0
008 008 250505s9999 xx 000 0 eng d
037 _aTextual
040 _aFEDL
_beng
_cFEDL
041 _aeng
_2eng
084 _a372, COL
_qFEDL
100 _aCollins Janet and others Ed.
_9777584
245 0 _aDeveloping pedagogy: Researching practice
260 _aLondon, UK
_bPaul Chapman Publishing Limited
_c2001
300 _aviii, 216p.
942 _cTEXL
_h372, COL
999 _c1393625
_d1393625